000 00484nam a2200169Ia 4500
003 GCL
008 140319s9999 xx 000 0 ara d
040 _aGCL /
_cGCL
082 0 4 _a962.45
_bج م
100 1 _aجيلى عبدالرحمن
245 1 0 _aالمعونة الامريكية تهدد استقلال السودان /
_cجيلى عبدالرحمن
300 _a139 ص
490 _aكتاب
_v0
650 0 4 _aالسودان
650 0 4 _aالتاريخ
942 _2ddc
_cBK
999 _c40745
_d40745